Správa diplomových prác v prostredí intranetu : Diplomová práca

Na minha lista:
Detalhes bibliográficos
Autor principal: Denkociová, Ingrid (Author)
Outros Autores: Važan, Pavel (xxx)
Formato: Manuscrito Livro
Idioma:eslovaco
Publicado em: Trnava : STU v Bratislave MtF KAIA, 2002
Assuntos:
Tags: Adicionar Tag
Sem tags, seja o primeiro a adicionar uma tag!

MARC

LEADER 00000ntm a22000003a 4500
001 stu77844
005 20160719155038.2
008 021105s2002----xo------------------slo-d
040 |a STU  |b slo 
041 0 |a slo 
044 |a xo 
100 1 |a Denkociová, Ingrid  |4 aut 
245 1 |a Správa diplomových prác v prostredí intranetu :  |b Diplomová práca 
260 |a Trnava :  |b STU v Bratislave MtF KAIA,  |c 2002 
300 |a 58 s  |c abstr. 
650 7 |a dátabázové aplikácie  |2 stusub 
650 7 |a diplomové práce  |2 stusub 
650 7 |a Aplikovaná informatika  |2 stusub 
700 1 |a Važan, Pavel  |4 xxx